Etoiles peintes / (Registro nro. 114706)

Detalles MARC
000 -LEADER
campo de control de longitud fija 00556nam a2200181 i 4500
001 - NÚMERO DE CONTROL
campo de control 114706
003 - IDENTIFICADOR DE NÚMERO DE CONTROL
campo de control ES-MaACL
005 - FECHA Y HORA DE LA ÚLTIMA TRANSACCIÓN
campo de control 20230906190231.0
007 - CAMPO FIJO DE DESCRIPCIÓN FÍSICA--INFORMACIÓN GENERAL
campo de control de longitud fija t|
008 - DATOS DE LONGITUD FIJA--INFORMACIÓN GENERAL
campo de control de longitud fija 070321s1921 fr ||||1| fre d
100 1# - ENTRADA PRINCIPAL--NOMBRE DE PERSONA
Nombre de persona Reverdy, Pierre.
9 (RLIN) 96411
245 10 - MENCIÓN DEL TÍTULO
Título Etoiles peintes /
Mención de responsabilidad, etc. Pierre Reverdy ; avec une eau-forte originale de André Derain.
260 ## - PUBLICACIÓN, DISTRIBUCIÓN, ETC.
Lugar de publicación, distribución, etc. Paris :
Nombre del editor, distribuidor, etc. Aux Editions du "Sagittaire",
Fecha de publicación, distribución, etc. 1921.
300 ## - DESCRIPCIÓN FÍSICA
Extensión 40 p. :
Otras características físicas il. ;
Dimensiones 22 cm.
500 ## - NOTA GENERAL
Nota general Ejemplar numerado, nº 44.
700 1# - ENTRADA AGREGADA--NOMBRE PERSONAL
Nombre de persona Derain, André.
9 (RLIN) 43761
852 ## - LOCALIZACIÓN
Ubicación ES-MaACL
Número de control de estantería 1625-F-7
Existencias
Estatus retirado Estado de pérdida Estado de daño No para préstamo Colección Biblioteca de origen Biblioteca actual Ubicación en estantería Fecha de adquisición Fuente de adquisición Total de préstamos Signatura topográfica completa Código de barras Visto por última vez Precio de reemplazo Tipo de ítem Koha
        Colección de folletos Biblioteca del Ateneo de Madrid Biblioteca del Ateneo de Madrid Depósito folletos 17/01/2008     1625-F-7 1119618 23/02/2023 23/02/2023 Folleto